000 00378cam a2200145ua 4500
003 OSt
008 250602b |||||||| |||| 00| 0 eng d
041 _aeng
082 _a624.171
_bKIN/IN
100 _aKinney, Sterling J .
_97517
245 _aIndeterminable structural analysis /
260 _aCalcutta :
_bOxford University Press ,
_c1962.
300 _a655 ; .
942 _cBK
999 _c7292
_d7292